The buffalo's logic

Bibliographic Details
Main Author: Kan, Daisy
Corporate Author: Title
Format: Book
Published: Selangor : Impiana Publications and Distributors , 2006
Series:My blue stories
Subjects:

MARC

LEADER 00000cam a2200000 7i4500
001 0000002152
005 20220105103934.0
008 070710
020 |a 983329846X(set) 
020 |a 9833298494 
090 0 0 |a JP   |b ANM ENG (2059) 
100 1 |a Kan, Daisy 
245 1 4 |a The buffalo's logic   |c Daisy Kan 
260 |a Selangor :   |b Impiana Publications and Distributors ,   |c 2006 
440 |a My blue stories 
500 |a Children age 4-6 years old (yellow) 
650 0 |a Animals 
650 0 |a Junior preschool   |x English   |x Languages 
710 0 |a Title 
999 |a 0000944539   |b Book   |c Children Collection   |e Cawangan Taman Sri Lambak 
999 |a 0000967191   |b Book   |c Children Collection   |e Cawangan Sri Merlong 
999 |a 0000967192   |b Book   |c Children Collection   |e Perbadanan Perpustakaan Awam Johor 
999 |a 0000967193   |b Book   |c Children Collection   |e Cawangan Sri Merlong 
999 |a 0000967194   |b Book   |c Children Collection   |e Cawangan Sri Merlong 
999 |a 0000967195   |b Book   |c Children Collection   |e Perbadanan Perpustakaan Awam Johor 
999 |a 0001144333   |b Book   |c Children Collection   |e Cawangan Tangkak 
999 |a 9833298494   |b Book   |c Children Collection   |e Cawangan Sri Merlong